El diseño gubernamental del programa Carrera Docente y su implementación en la Universidad de Guadalajara: un estudio de caso /
Збережено в:
| Автор: | |
|---|---|
| Формат: | Книга |
| Мова: | Іспанська |
| Опубліковано: |
Guadalajara, México :
Universidad de Guadalajara,
2002, c2002
|
| Серія: | (Producción Académica de los Miembros del Sistema Nacional de Investigadores)
|
| Предмети: | |
| Теги: |
Немає тегів, Будьте першим, хто поставить тег для цього запису!
|
MARC
| LEADER | 00000nam^a2200000^a^4500 | ||
|---|---|---|---|
| 001 | 000156195 | ||
| 005 | 20250521000000.0 | ||
| 009 | 20260310100454.417 | ||
| 020 | |a 970-27-0173-2 | ||
| 037 | |a Acervo ITESO - Biblioteca | ||
| 041 | |a ESP | ||
| 082 | |a 378. 1250972 |b HER | ||
| 100 | |a Hernández Yáñez, María Lorena |e (autor) | ||
| 245 | 1 | 3 | |a El diseño gubernamental del programa Carrera Docente y su implementación en la Universidad de Guadalajara: |b un estudio de caso / |c M.L. Hernández Yáñez. |
| 264 | 4 | |a Guadalajara, México : |b Universidad de Guadalajara, |c 2002, c2002 | |
| 300 | |a 408 p. | ||
| 336 | |a texto |b txt |2 rdacontenido | ||
| 337 | |a sin mediación |b n |2 rdamedio | ||
| 338 | |a volumen |b nc |2 rdasoporte | ||
| 440 | 1 | |a (Producción Académica de los Miembros del Sistema Nacional de Investigadores) | |
| 610 | |a Universidad de Guadalajara | ||
| 649 | |a XX | ||
| 650 | |a Académicos | ||
| 650 | |a Personal Escolar | ||
| 650 | |a Premios al Mérito | ||
| 650 | |a Desempeño Académico | ||
| 650 | |a Evaluación del Desempeño | ||
| 650 | |a Evaluación Educativa - |z México | ||
| 650 | |a Investigación Educativa - |z México | ||
| 650 | |a Universidades Públicas - |z Guadalajara, Jalisco | ||
| 650 | |a Universidades Públicas - |z Jalisco | ||
| 650 | |a Universidades Públicas - |z México | ||
| 650 | |a Universidades - |z Guadalajara, Jalisco | ||
| 650 | |a Universidades - |z Jalisco | ||
| 650 | |a Universidades - |z México | ||
| 650 | |a Educación Superior - |z Guadalajara, Jalisco | ||
| 650 | |a Educación Superior - |z Jalisco | ||
| 650 | |a Educación Superior - |z México | ||
| 650 | |a Política Educativa - |z México | ||
| 650 | |a Educación - |z México | ||
| 910 | |a Fondo General | ||
| 920 | |a Impresos - Libros | ||
| 930 | |a Colección General | ||
| 905 | |a 101 | ||
| 901 | |a 0500084888 |b IT1 |c ACC |u 20250521 | ||
| 902 | |a https://opac.biblio.iteso.mx/vufind/Record/000156195 | ||